书目信息 |
| 题名: |
滨海电厂水生态环境保护关键技术研究与应用
|
|
| 作者: | 陈松贵 著 | |
| 分册: | ||
| 出版信息: | 北京 人民交通出版社股份有限公司 2021.11 |
|
| 页数: | 162页 | |
| 开本: | 24cm | |
| 丛书名: | 海洋水动力工程研究论丛 | |
| 单 册: | ||
| 中图分类: | X773 | |
| 科图分类: | ||
| 主题词: | 海滨--hai bin--发电厂--排水--生态环境保护--研究 | |
| 电子资源: | ||
| ISBN: | 978-7-114-15506-2 | |
| 000 | 01371oam2 2200265 450 | |
| 001 | 011025153348 | |
| 005 | 20221025153348.0 | |
| 010 | @a978-7-114-15506-2@dCNY48.00 | |
| 100 | @a20201004d2021 em y0chiy0120 ea | |
| 101 | 0 | @achi |
| 102 | @aCN@b110000 | |
| 105 | @aa z 000yy | |
| 106 | @ar | |
| 200 | 1 | @a滨海电厂水生态环境保护关键技术研究与应用@Abin hai dian chang shui sheng tai huan jing bao hu guan jian ji shu yan jiu yu ying yong@dEcological protection study for water environment and its application in the coastal power plant@f陈松贵等著@zeng |
| 210 | @a北京@c人民交通出版社股份有限公司@d2021.11 | |
| 215 | @a162页@c图, 照片@d24cm | |
| 225 | 2 | @a海洋水动力工程研究论丛@Ahai yang shui dong li gong cheng yan jiu lun cong |
| 304 | @a著者还有:陈汉宝、赵鹏、彭程、王依娜 | |
| 330 | @a本书重点对滨海电厂生态保护及水环境动力模拟关键技术进行了研究,提出了滨海电厂水动力环境模拟技术;提出了滨海电厂水环境影响定量评估技术;提出了滨海电厂生态特征调查与分析技术;提出了基于珊瑚移植的生态保护技术;建立了一整套滨海电厂生态疏浚技术。 | |
| 410 | 0 | @12001 @a海洋水动力工程研究论丛 |
| 510 | 1 | @aEcological protection study for water environment and its application in the coastal power plant@zeng |
| 606 | 0 | @a海滨@Ahai bin@x发电厂@x排水@x生态环境保护@x研究 |
| 690 | @aX773@v5 | |
| 701 | 0 | @a陈松贵@Achen song gui@4著 |
| 905 | @a河南城建学院图书馆@dX773@eC561 | |
| 滨海电厂水生态环境保护关键技术研究与应用=Ecological protection study for water environment and its application in the coastal power plant/陈松贵等著.-北京:人民交通出版社股份有限公司,2021.11 |
| 162页:图, 照片;24cm.-(海洋水动力工程研究论丛) |
| ISBN 978-7-114-15506-2:CNY48.00 |
| 本书重点对滨海电厂生态保护及水环境动力模拟关键技术进行了研究,提出了滨海电厂水动力环境模拟技术;提出了滨海电厂水环境影响定量评估技术;提出了滨海电厂生态特征调查与分析技术;提出了基于珊瑚移植的生态保护技术;建立了一整套滨海电厂生态疏浚技术。 |
| ● |
| 相关链接 |
|
|
|
正题名:滨海电厂水生态环境保护关键技术研究与应用
索取号:X773/C561
 
预约/预借
| 序号 | 登录号 | 条形码 | 馆藏地/架位号 | 状态 | 备注 |
| 1 | 1587757 | 215877576 | 自科库501/501自科库 109排2列5层/ [索取号:X773/C561] | 在馆 |